Previous MLB Franchise Names/Locations - Statistics

General Stats
  • This quiz has been taken 83 times
    37 since last reset
  • The average score is 10 of 21
Answer Stats
Current Franchise Years Answer % Correct
Atlanta Braves 1953-1965 Milwaukee Braves
87%
Washington Nationals 1969-2004 Montreal Expos
87%
San Francisco Giants 1886-1957 New York Giants
80%
Los Angeles Dodgers 1932-1957 Brooklyn Dodgers
77%
Tampa Bay Rays 1998-2007 Tampa Bay Devil Rays
73%
Miami Marlins 1993-2011 Florida Marlins
70%
Minnesota Twins 1901-1960 Washington Senators
67%
Texas Rangers 1961-1971 Washington Senators
67%
Oakland Athletics 1955-1967 Kansas City Athletics
53%
Houston Astros 1962-1964 Houston Colt .45s
50%
Milwaukee Brewers 1969 Seattle Pilots
50%
Boston Red Sox 1901-1907 Boston Americans
43%
Baltimore Orioles 1902-1953 St. Louis Browns
43%
Los Angeles Angels 2005-2015 Los Angeles Angels of Anaheim
40%
Cincinnati Reds 1954-1959 Cincinnati Redlegs
30%
New York Yankees 1903-1912 New York Highlanders
27%
Cleveland Indians 1903-1914 Cleveland Naps
17%
Philadelphia Phillies 1883-1889 Philadelphia Quakers
10%
Chicago Cubs 1898-1902 Chicago Orphans
7%
St. Louis Cardinals 1899 St. Louis Perfectos
7%
Pittsburgh Pirates 1891-1911 Pittsburg Pirates
3%
No matching quizzes found
Score Distribution
Percent of People with Each Score
Percentile by Number Answered
Your Score History
You have not taken this quiz since the last reset